Nutritive value of foods : (Record no. 28701)
[ view plain ]
| 000 -LEADER | |
|---|---|
| fixed length control field | 00880nam a2200253 i 4500 |
| 003 - CONTROL NUMBER IDENTIFIER | |
| control field | CSPC |
| 005 - DATE AND TIME OF LATEST TRANSACTION | |
| control field | 20250127151156.0 |
| 008 - FIXED-LENGTH DATA ELEMENTS--GENERAL INFORMATION | |
| fixed length control field | 250127s 000 0 eng d |
| 020 ## - INTERNATIONAL STANDARD BOOK NUMBER | |
| International Standard Book Number | 9781015307919 |
| 040 ## - CATALOGING SOURCE | |
| Transcribing agency | CSPC |
| Original cataloging agency | CSPC |
| Language of cataloging | eng |
| Description conventions | rda |
| 050 00 - LIBRARY OF CONGRESS CALL NUMBER | |
| Classification number | TX551 .W35 |
| 082 00 - DEWEY DECIMAL CLASSIFICATION NUMBER | |
| Classification number | 641.10835 |
| Item number | N959 |
| 245 00 - TITLE STATEMENT | |
| Title | Nutritive value of foods : |
| Remainder of title | a table / |
| Statement of responsibility, etc. | compiled by Dorothy Stewart Waller. |
| 264 #1 - PRODUCTION, PUBLICATION, DISTRIBUTION, MANUFACTURE, AND COPYRIGHT NOTICE | |
| Place of production, publication, distribution, manufacture | [Place of publication not identified] : |
| Name of producer, publisher, distributor, manufacturer | Hassell Street Press, |
| Date of production, publication, distribution, manufacture, or copyright notice | [Copyright not identified]. |
| 300 ## - PHYSICAL DESCRIPTION | |
| Extent | 24 pages ; |
| Dimensions | 24 cm. |
| 336 ## - CONTENT TYPE | |
| Source | rdacontent |
| Content type term | text |
| 337 ## - MEDIA TYPE | |
| Source | rdamedia |
| Media type term | unmediated |
| 338 ## - CARRIER TYPE | |
| Source | rdacarrier |
| Carrier type term | volume |
| 650 #0 - SUBJECT ADDED ENTRY--TOPICAL TERM | |
| Topical term or geographic name entry element | Food |
| General subdivision | Analysis. |
| 650 #0 - SUBJECT ADDED ENTRY--TOPICAL TERM | |
| Topical term or geographic name entry element | Nutrition. |
| 700 1# - ADDED ENTRY--PERSONAL NAME | |
| Personal name | Waller, Dorothy Stewart, |
| Relator term | compiler. |
| 942 ## - ADDED ENTRY ELEMENTS (KOHA) | |
| Source of classification or shelving scheme | Dewey Decimal Classification |
| Suppress in OPAC | No |
| Koha item type | Books |
| Classification part | 641.10835 |
| Call number prefix | CIR |
| Withdrawn status | Lost status | Source of classification or shelving scheme | Damaged status | Not for loan | Home library | Current library | Shelving location | Date acquired | Total Checkouts | Full call number | Barcode | Date last seen | Copy number | Price effective from | Koha item type |
|---|---|---|---|---|---|---|---|---|---|---|---|---|---|---|---|
| Dewey Decimal Classification | Main Library | Main Library | Circulation Section | 01/27/2025 | CIR 641.10835 N959 | 028829 | 01/27/2025 | 1-1 | 01/27/2025 | Books |